007320000a22002170004500003001100000005001700011008004100028020001500069040003900084041000800123082001600131100002100147245007000168260003900238300007100277490004900348650002400397650002400421650003800445650003100483LK-CoMWRAF20230828162038.0230817t1994 ||||| |||| 00| 0 eng d a3718655063 aLK-CoMWRAFdLK-CoMWRAFeLK-CoMWRAF aeng a954.93bROB aRoberts, Michael aExploring confrontationbSri Lanka politics, culture, and history aVictoria:bHarwood Academic,c1994 axxv, 377 p. : ill., maps ; 26 cm.bBibliography and index included aStudies in anthropology and history vVol.14 aETHNOLOGY-SRI LANKA aEthnicity-Sri Lanka aSocial life and customs-Sri Lanka aEthnic relations-Sri Lanka